000 00376nam a2200145Ia 4500
008 211109s9999||||xx |||||||||||||| ||und||
082 _a824
_bCAR-S
100 _aCarlyle, Thomas
245 0 _aSartor Resartus
260 _bChampion and Hall
_aLondon
_c1831
300 _a250p.
630 _xGeneral Stack
650 _aEnglish Litertaure
_vEnglish Essays
_xEnglish
942 _cBOOK
999 _c433
_d433